Black Mask - Portrayals by Picture - Statistics

General Stats
  • This quiz has been taken 2 times
  • The average score is 2 of 10
Answer Stats
Picture Answer % Correct
John DiMaggio
100%
Ewan McGregor
50%
Nolan North / Brian Bloom
50%
James Remar
0%
Jonathan Banks
0%
Peter Outerbridge
0%
Steve Blum
0%
Todd Stashwick
0%
Tom McKeon
0%
Wade Williams
0%
No matching quizzes found
Score Distribution
Percent of People with Each Score
Percentile by Number Answered
Your Score History
You have not taken this quiz